00469cam a2200169ua 4500001000400000008003900004040000900043082001100052245006300063250000900126260003900135300002400174653002300198653004200221700002300263700001300286527110407n ii |||gr||||Z||||||eng cMAIN a327.11 aFoundation of International politics.cBy Margaret Sprout. a1st. aNew Delhi.:bEast west press.,963. avi, 734 p.:c20 cm. aPolitical science. aFoundation of International relation.1 aSprout, Margaret.,1 aSprout.,